000 00553nam a22001937a 4500
003 DO-SdBNP
005 20220623132651.0
007 ta
008 220623b2005 dr ||||| |||| 00| 0 spa d
040 _aDO-SdBNP
_bspa
_cBNPHU
082 4 _222
100 _916066
_aFlores Santana, Juan Antonio
245 1 0 _aMatrimonio familiar :
_borientaciones para hoy /
_cJuan Antonio Flores Santana
260 _aSanto Domingo :
_bAmigo del Hogar,
_c2005
300 _a352 p. ;
_c22 cm.
590 _aInventariado, 2022/BT
910 _aBtavárez
942 _2ddc
_cLBS1
999 _c52104
_d52104